Zbombardowane miasta podczas II wojny światowej - Statystyki

Ogólne statystyki
  • Ten quiz został rozwiązany 3 869 razy
  • Średni wynik to 4 z 7
Statystyki odpowiedzi
# Miasto % Poprawnych
35 000 Berlin
91%
43 000 Londyn
74%
38 000 Nagasaki
54%
55 000 Hiroszima
52%
23 000 Drezno
45%
94 000 Tokio
42%
42 600 Hamburg
37%
Nie znaleziono quizów pasujących do podanych kryteriów
Rozkład punktacji
Procent ludzi z każdym wynikiem
Percentyl według liczby udzielonych odpowiedzi
Twoja historia wyników
Nie rozwiązałeś tego quizu